| 000 | 00968cam a22003017a 4500 | ||
|---|---|---|---|
| 003 | CHAP | ||
| 005 | 20220817041054.0 | ||
| 008 | 971013s1985 r 00010 d | ||
| 010 | _a5798 | ||
| 011 | _a6770 | ||
| 035 | _a5993 | ||
| 040 | _cCHAP | ||
| 082 |
_a635.9 _bI53 |
||
| 100 | 0 | 0 |
_aIngels, Jack E. _958171 |
| 245 | 0 |
_aOrnamental horticulture _b: principles and practices |
|
| 260 |
_aNew York : _bDelmar, _c1985 |
||
| 300 |
_a524 p. _b: ilus. |
||
| 590 |
_aBATCH-UPD _b10 _c20130110 _lUCH01 _h1506 |
||
| 590 |
_aCONVERSION _b10 _c20130109 _lUCH01 _h1304 |
||
| 650 | 1 | 4 |
_aFloricultura. _941822 |
| 650 | 1 | 4 |
_aHorticultura. _956291 |
| 650 | 1 | 4 | _aPlantas ornamentales. |
| 901 | _aBK | ||
| 942 | _cLIBRO | ||
| 949 |
_a635.9 I53 _bBC _cLIBRO _d-59830 _eLIBRO _fc.2 _h85380 _i5993 _si _t150.00 |
||
| 949 |
_a635.9 I53 _bBC _cLIBRO _d33724000613451 _eLIBRO _fc.3 _gI.166740 _h82027 _i5993 _si _t146.00 |
||
| 949 |
_a635.9 I53 _bBC _cLIBRO _d33724000766887 _eLIBRO _h82253 _i5993 _si _t150.00 |
||
| 999 |
_c5798 _d5798 |
||